| 000 | 00464nam a22001817a 4500 | ||
|---|---|---|---|
| 005 | 20250612150648.0 | ||
| 008 | 250612b |||||||| |||| 00| 0 eng d | ||
| 020 |
_a9780747593669 _qpbk |
||
| 041 | _aeng | ||
| 082 | _a823.92 FOR | ||
| 100 | _aFord Michael | ||
| 245 |
_aThe Fire Of Ares _c/ Michael Ford |
||
| 250 | _a1st ed | ||
| 260 |
_aBritain _bBloombury Publishing Plc _c2008 |
||
| 300 |
_a244p. : _c22cm |
||
| 650 | _aenglish fiction | ||
| 942 | _cENGLISH | ||
| 999 |
_c572178 _d572178 |
||